000 01294nam a22002657a 4500
999 _c365904
_d365904
001 79590
003 UA-OsUOA
005 20230504161322.0
007 ta
008 20111114b un ||||| |||| 00| 0 ukr d
020 _a978-966-364-864-4
040 _aUA-OsUOA
_bukr
_cUA-OsUOA
_dUA-OsUOA
041 _aukr
080 _a336.1:352(477)(075.8)
090 _a336.1:352(477)(075.8)
_bС89
100 _aСунцова О. О.
245 _aМісцеві фінанси
_bнавчальний посібник
260 _aК.
_bЦУЛ
_c2010
300 _a488 с.
520 _aУ посібнику розглядаються поняття місцевих фінансів, їх функції, склад і роль у роз­витку економічної і соціальної інфраструктури. Основні теми відображають ті вимоги, які ставляться до рівня і обсягу знань сучасних спеціалістів новими програмами освіти, та відповідають потребам ринкової економіки.
650 7 _a336 Фінанси
_2UDC
942 _cBK
_2udc
955 _a2